Thai cooking / (Record no. 87965)
[ view plain ]
| 000 -LEADER | |
|---|---|
| fixed length control field | 00817cam a2200241 a 4500 |
| 001 - CONTROL NUMBER | |
| control field | vtls003157727 |
| 003 - CONTROL NUMBER IDENTIFIER | |
| control field | MY-SjTCS |
| 005 - DATE AND TIME OF LATEST TRANSACTION | |
| control field | 20200226111943.0 |
| 008 - FIXED-LENGTH DATA ELEMENTS--GENERAL INFORMATION | |
| fixed length control field | 110218s2009 enka 001 0 eng d |
| 020 ## - INTERNATIONAL STANDARD BOOK NUMBER | |
| International Standard Book Number | 9780753718476 (pbk.) |
| 039 #9 - LEVEL OF BIBLIOGRAPHIC CONTROL AND CODING DETAIL [OBSOLETE] | |
| Level of rules in bibliographic description | 201102181455 |
| Level of effort used to assign nonsubject heading access points | VLOAD |
| Level of effort used to assign subject headings | 201011091127 |
| Level of effort used to assign classification | shuhada |
| Level of effort used to assign subject headings | 201011091114 |
| Level of effort used to assign classification | shuhada |
| -- | 201006201528 |
| -- | pushpa |
| 082 04 - DEWEY DECIMAL CLASSIFICATION NUMBER | |
| Classification number | 641.59593 |
| Item number | BRO 2009 |
| 100 1# - MAIN ENTRY--PERSONAL NAME | |
| Personal name | Brown, Jackum. |
| 9 (RLIN) | 16693 |
| 245 10 - TITLE STATEMENT | |
| Title | Thai cooking / |
| Statement of responsibility, etc. | Jackum Brown ; consultant Rachanee Boonthon ; photography Sandra Lane. |
| 260 ## - PUBLICATION, DISTRIBUTION, ETC. | |
| Place of publication, distribution, etc. | London : |
| Name of publisher, distributor, etc. | Bounty Books, |
| Date of publication, distribution, etc. | 2009. |
| 300 ## - PHYSICAL DESCRIPTION | |
| Extent | 128 p. : |
| Other physical details | col. ill. ; |
| Dimensions | 30cm. |
| 500 ## - GENERAL NOTE | |
| General note | Includes index. |
| 500 ## - GENERAL NOTE | |
| General note | "First published: 1998 by Hamlyn". |
| 650 #0 - SUBJECT ADDED ENTRY--TOPICAL TERM | |
| Topical term or geographic name entry element | Cooking, Thai. |
| 9 (RLIN) | 46897 |
| 700 1# - ADDED ENTRY--PERSONAL NAME | |
| Personal name | Boonthon, Rachanee. |
| 700 1# - ADDED ENTRY--PERSONAL NAME | |
| Personal name | Lane, Sandra. |
| 9 (RLIN) | 48300 |
| 920 ## - Programme | |
| Programme | SHT : 145455 |
| Withdrawn status | Lost status | Source of classification or shelving scheme | Damaged status | Not for loan | Home library | Current library | Date acquired | Cost, normal purchase price | Total Checkouts | Barcode | Date last seen | Date last checked out | Cost, replacement price | Koha item type | Public note |
|---|---|---|---|---|---|---|---|---|---|---|---|---|---|---|---|
| Dewey Decimal Classification | Taylor's Library-TU | Taylor's Library-TU | 14/10/2010 | 23.10 | 7 | 5000103111 | 05/12/2019 | 18/09/2018 | 23.10 | Main Collection | SCAFS,30003,02,CL |